000 00257nam a22001217a 4500
008 181016b xxu||||| |||| 00| 0 eng d
041 _aeng
080 _a621
100 _a26
101 _aENG
245 _aAerospace science
_cNaomi.l.m
942 _2udc
_cBK
999 _c49824
_d49824